书目信息 |
| 题名: |
国际招贴2004
|
|
| 作者: | 肖勇 编著 | |
| 分册: | ||
| 出版信息: | 济南 山东美术出版社 2004 |
|
| 页数: | 144页 | |
| 开本: | 29cm | |
| 丛书名: | ||
| 单 册: | ||
| 中图分类: | J238.1 | |
| 科图分类: | ||
| 主题词: | 宣传画--世界--2004 | |
| 电子资源: | ||
| ISBN: | 7-5330-1838-9 | |
| 000 | 00691nam0 2200217 45 | |
| 001 | 002579022 | |
| 005 | 20050111150404.0 | |
| 010 | @a7-5330-1838-9@dCNY88.00 | |
| 100 | @a20040806d2004 em y0chiy0110 ea | |
| 101 | 0 | @achi@aeng |
| 102 | @aCN@b370000 | |
| 105 | @aa z 001yy | |
| 200 | 1 | @a国际招贴2004@AGuo Ji Zhao Tie 2004@f肖勇编著@FXiao Yong Bian Zhu |
| 210 | @a济南@c山东美术出版社@d2004 | |
| 215 | @a144页@c图@d29cm | |
| 330 | @a本书以画册形式,收录国际招贴著名设计师创作的海报、宣传画、广告画等设计作品,介绍作品的类别、名称、主题等。 | |
| 606 | 0 | @a宣传画@y世界@z2004 |
| 690 | @aJ238.1@v4 | |
| 701 | 0 | @a肖勇@4编著 |
| 801 | 0 | @aCN@bNLC@c20040901 |
| 905 | @b341894@dJ238.1@e45@f1 | |
| 国际招贴2004/肖勇编著.-济南:山东美术出版社,2004 |
| 144页:图;29cm |
| ISBN 7-5330-1838-9:CNY88.00 |
| 本书以画册形式,收录国际招贴著名设计师创作的海报、宣传画、广告画等设计作品,介绍作品的类别、名称、主题等。 |
| ● |
| 相关链接 |
|
|
|
|
正题名:国际招贴2004
索取号:J238.1/45
 
预约/预借
| 序号 | 登录号 | 条形码 | 馆藏地/架位号 | 状态 | 备注 |
| 1 | 0341894 | 203418943 | 第一样本阅览室/ [索取号:J238.1/45] | 在馆 |